| 000 | 00772nam a2200229Ia 4500 | ||
|---|---|---|---|
| 001 | L230-5700 | ||
| 003 | IT-CnALBA | ||
| 008 | 170116s9999||||xx |||||||||||||| ||und|| | ||
| 040 |
_aIT-CnALBA _cIT-CnALBA |
||
| 041 | _aITALIANO | ||
| 100 | _aBONOMELLI GEREMIA, VESCOVO DI CREMONA | ||
| 245 | 0 | _aMISTERI CRISTIANI. VOL. II. | |
| 250 | _a2a ed. | ||
| 260 |
_a BRESCIA _bQUERINIANA EDIT. LIBR. VESC. _c1931 [1° Ed.: n.d.] |
||
| 300 | _a380 p. | ||
| 500 | _aPENTECOSTE. TRINITÀ. EUCARESTIA. OGNISSANTI. | ||
| 501 | _aSocietà San Paolo EM - Piazza San Paolo, 14 - 12051 ALBA (CN) (non commercial uses only) ® Copyright 2017 | ||
| 520 | _aPENTECOSTE. TRINITÀ. EUCARESTIA. OGNISSANTI. | ||
| 650 | _aDOGMATICA CRISTIANA | ||
| 942 | _cBK | ||
| 957 | _71 | ||
| 999 |
_a6679 _bSI _g Copie: 1 _c264885 _d264885 |
||